000 00707nam a2200265 i 4500
001 C2-0266002
003 PPAK
005 20180727233744.0
008 050717s2003 nyu |||| ||||| | eng d
020 _a0786809310
040 _aPPAK
_beng
_cPPAK
_erda
082 0 4 _a398.2
_223
090 0 0 _a398.2
_bOSB
_dK
100 1 _aOsborne, Mary Pope,
_eauthor
245 1 4 _aThe gray-eyed goddess
264 1 _aNew York :
_bHyperion Books ,
_c2003
300 _a121 pages ;
_c20 cm
336 _2rdacontent
_atext
337 _2rdamedia
_aunmediated
338 _2rdacarrier
_avolume
490 1 _aTales from the Odyssey
650 1 0 _aMythology, Greek
830 0 _aTales from the Odyssey
942 _ddc
_cB
999 _c75392
_d75392